Strukturnaja perestrojka ekonomiki na sovremennom etape.

Krátkodobé prognózy vývoja štruktúry spoločenského produktu. Inflačný vplyv rastu nevýrobnej spotreby. Perspektívy riešenia cestou využitia zahraničných investícií. Dynamika investícií a tempá rastu hrubého národného produktu. Pokles makroekonomických ukazovateľov. Existujúca štruktúra priemyslovej...

Descrizione completa

Salvato in:
Dettagli Bibliografici
Autore principale: Grišin, A.
Natura: Capitolo di libro
Lingua:russo
Soggetti:
Tags: Aggiungi Tag
Nessun Tag, puoi essere il primo ad aggiungerne!!

MARC

LEADER 00000naa a2200000 4500
001 r006895
005 20221130103026.6
041 0 |a rus 
044 |a [SU] 
245 1 0 |a Strukturnaja perestrojka ekonomiki na sovremennom etape.  |c A. Grišin 
520 |a Krátkodobé prognózy vývoja štruktúry spoločenského produktu. Inflačný vplyv rastu nevýrobnej spotreby. Perspektívy riešenia cestou využitia zahraničných investícií. Dynamika investícií a tempá rastu hrubého národného produktu. Pokles makroekonomických ukazovateľov. Existujúca štruktúra priemyslovej produkcie. Činnosť družstevného sektoru. 
610 2 0 |a zmeny štruktúrne 
610 2 0 |a mechanizmus hospodársky 
610 2 0 |a ZSSR 
610 2 0 |a produkt spoločenský 
610 2 0 |a inflácia 
610 2 0 |a investície zahraničné 
610 2 0 |a produkt národný 
610 2 0 |a produkt hrubý 
610 2 0 |a ukazovatele ekonomické 
610 2 0 |a výroba priemyselná 
610 2 0 |a družstvá 
100 1 |a Grišin, A.